El ruido de la memoria / (Record no. 183003)

MARC details
000 -LEADER
campo de control de longitud fija 00840nam a2200253 i 4500
001 - NÚMERO DE CONTROL
campo de control 183003
003 - IDENTIFICADOR DE NÚMERO DE CONTROL
campo de control ES-MaACL
005 - FECHA Y HORA DE LA ÚLTIMA TRANSACCIÓN
campo de control 20231028205221.0
008 - DATOS DE LONGITUD FIJA--INFORMACIÓN GENERAL
campo de control de longitud fija 140113s2012 sp a | |||||||| |aspa d
020 ## - NÚMERO INTERNACIONAL ESTÁNDAR DEL LIBRO
Número Internacional Estándar del Libro 978-84-939645-4-2
080 ## - NÚMERO DE LA CLASIFICACIÓN DECIMAL UNIVERSAL
Número de la Clasificación Decimal Universal 821.134.2-94"19"
080 ## - NÚMERO DE LA CLASIFICACIÓN DECIMAL UNIVERSAL
Número de la Clasificación Decimal Universal 929 Castellón, Alfredo
100 1# - ENTRADA PRINCIPAL--NOMBRE DE PERSONA
Nombre de persona Castellón, Alfredo.
9 (RLIN) 36570
245 13 - MENCIÓN DEL TÍTULO
Título El ruido de la memoria /
Mención de responsabilidad, etc. Alfredo Castellón ; edición al cuidado de Javier Cinca y Juan Mª Marín.
260 ## - PUBLICACIÓN, DISTRIBUCIÓN, ETC.
Lugar de publicación, distribución, etc. Zaragoza :
Nombre del editor, distribuidor, etc. STI,
Fecha de publicación, distribución, etc. 2012.
300 ## - DESCRIPCIÓN FÍSICA
Extensión 205 p. :
Otras características físicas il. ;
Dimensiones 21 cm.
490 1# - MENCIÓN DE SERIE
Mención de serie Opera omnia ;
Designación de volumen o secuencia 03
700 1# - ENTRADA AGREGADA--NOMBRE PERSONAL
Nombre de persona Cinca, Javier (
Fechas asociadas al nombre 1955-)
9 (RLIN) 154121
700 1# - ENTRADA AGREGADA--NOMBRE PERSONAL
Nombre de persona Marín, Juan María.
9 (RLIN) 154122
830 0# - PUNTO DE ACCESO ADICIONAL DE SERIE-TÍTULO UNIFORME
Título uniforme Opera omnia ;
Designación de volumen o secuencia 03
9 (RLIN) 187581
852 ## - LOCALIZACIÓN
Ubicación ES-MaACL
Número de control de estantería A-12966
itemnumber 189936
Sublocalización o colección R.149723
Ubicación en estantería Depósito 1
Signatura antigua Olim: N-5966
942 ## - ELEMENTOS DE ENTRADA SECUNDARIOS (KOHA)
Fuente del sistema de clasificación o colocación Clasificación decimal universal
Tipo de ítem Koha Libro impreso
Holdings
Estatus retirado Estado de pérdida Fuente del sistema de clasificación o colocación Estado de daño No para préstamo Biblioteca de origen Biblioteca actual Ubicación en estantería Fecha de adquisición Fuente de adquisición Total de préstamos Signatura topográfica completa Código de barras Visto por última vez Precio de reemplazo Tipo de ítem Koha
    Clasificación decimal universal     Biblioteca del Ateneo de Madrid Biblioteca del Ateneo de Madrid Depósito 1 13/01/2014 Donación   A-12966 1192342 23/02/2023 23/02/2023 Libro impreso